Responses for Show #393 - Wednesday, March 12, 1986

Barbara Lowe game 5.

Contestants

[<< previous game]

Mark Molenaar, an engineer from Phoenix, Arizona

Ivy Weiss, a law clerk originally from the Bronx, New York

Barbara Lowe, a writer and a researcher from Anaheim, California (whose 4-day cash winnings total $26,992)

[next game >>]

Jeopardy! Round responses

THE EARTH
COLORS
MOVIE MAMMALS
FOOD
TECHNOLOGY
"SEA" WORDS
(Alex: And the quotation marks, of course, mean, Barbara, that "sea" will appear in all correct responses.)
    $100 21
salt

Ivy
    $100 20
blue

Ivy
    $100 1
Tonto

Ivy
    $100 15
eggplant

Ivy
    $100 5
the H-bomb

Mark
    $100 13
seashells

Ivy
    $200 22
the mantle

Barbara
    $200 17
(Barbara: What are red, green and yellow?)

yellow, blue & red

BarbaraMark
    $200 2
rabies

Barbara
    $200 14
a duck

Triple Stumper
    $200 6
the telephone

Ivy
    $200 19
the Seabees

Ivy
    $300 26
the Nile

Triple Stumper
    $300 8
in the black

Ivy
    $300 3
Leo

Barbara
    $300 11
mutton

Ivy
    $300 18
the ear

Barbara
    $300 23
your sea legs

Ivy
    $400 27
(Barbara: What is the north pole?)
(Alex: Be more specific.)
(Barbara: Where is the Arctic?)

the magnetic north pole

BarbaraMark
    $400 9
the Red Sox

Ivy
    $400 4
Orca

Mark
    $400 12
lettuce

Barbara
    $400 29
(Alex: Got rid of them pretty fast.)
[The end-of-round signal sounds.]

an ejector seat

Ivy
    $400 24
Seabiscuit

Ivy
    $500 10
(Alex: Ivy?)
(Ivy: [Shakes head and mutters])
...
[The song ["Lawyers In Love"] is not reprised going into the break.]

Jackson Browne

Ivy
    $500 7
a horse

Triple Stumper
    $500 16
Dungeness

Triple Stumper
    $500 28
a vote button, a vote selector, so they know how to vote(an electric voting machine)

Barbara
    $500 25
[Applause for Ivy running the category]
(Alex: We've got less than a minute to go in this round.)

seafarer

Ivy

Scores at the first commercial break (after clue 13):

Barbara Ivy Mark
$900 $900 $500

Scores at the end of the Jeopardy! Round:

Barbara Ivy Mark
$1,300 $3,000 $1,100

Double Jeopardy! Round responses

PRESIDENTIAL TRIVIA
ANATOMY
LANDMARKS
TIME
FRONTIER LIFE
SPORTS
    $200 19
left-handed

Barbara
    $200 9
(Barbara: What is hips?)

the pelvis

BarbaraIvy
    $200 12
(Alex: Yes, Teddy Roosevelt's the only [*].)

one

Barbara
    $200 1
water

Barbara
    $200 26
(Barbara: What is a primer?)
(Alex: No.)
(Barbara: English primer?)

the Bible

BarbaraMark
    $200 2
Jack Nicklaus Sr.

Mark
    $400 20
dying

Barbara
    $400 13
the heart

Barbara
    $400 15
the Colosseum

Mark
    $400 3
clock

Ivy
    $400 5
(Alex: Of the New York Mets, you got it.)

Dwight Gooden

Barbara
    $1,000 21
(Alex: Profiles in Courage and [**] was the other one with Crusade in Europe.)
[Barbara bounces up and down with joy while pumping hands.]

(1 of) John Kennedy (or Eisenhower)

Barbara
    $600 14
the thumb

Ivy
    $600 16
(Barbara: What is the Australian Opera House--[*]?)

Sydney Opera House

Barbara
    $600 4
(Mark: What is the Chinese year? Chinese New Year?)

the (Chinese) calendar

BarbaraMark
    $600 27
[The end-of-round signal sounds.]

float across rivers

Triple Stumper
    $600 6
"The Hitman" Thomas Hearns

Triple Stumper
    $800 22
(Barbara: Who is Harry Truman?)

Herbert Hoover

Barbara
Triple Stumper
    $800 17
the mouth

Barbara
    $800 24
Hearst Castle

Ivy
    $800 10
11:59 p.m. (one minute to midnight)

Mark
    $800 7
(Barbara: What is hockey?)
(Alex: Be more specific.)
(Barbara: Ice hockey.)
(Alex: No, that's not specific enough.)

the National Hockey League

Barbara
Triple Stumper
    $1000 23
(Alex: We've got about a minute to go in this round.)

Chester Arthur

Triple Stumper
    $1000 18
(Alex: You can live without it; they can remove it surgically--what is [*]?)

the spleen

Triple Stumper
    $600 25
the states of the Union was Lincoln was president

Ivy
    $1000 11
(Barbara: What is the use of dental X rays?)
(Mark: [*]?)
[Accepted without comment, though Mark forgot his phrasing]

the use of tree rings (the study of tree rings)

BarbaraMark
    $1000 8
the Wheelchair Division

Barbara

Scores at the end of the Double Jeopardy! Round:

Barbara Ivy Mark
$4,100 $5,600 $3,100

[wagering suggestions for these scores]

Final Jeopardy! Round responses

STATE CAPITALS
(Alex: [To Barbara] What is [*] and [****], the capital of Missouri--that's absolutely right.)
[Barbara claps and shakes fists in elation followed by a prayer hands pose]
...
(Alex: [To Ivy] You realize now that Kansas is not the capital of Missouri.)
[Barbara shrieks with delight!]
...
(Alex: The good news is that Barbara Lowe has done it! She has become a five-time undefeated champion with a five-day total of $35,192.)
[Barbara, overcome with emotion, cries tears of joy.]
...
(Alex: I've gotta console this young lady.)
[Alex hugs Barbara.]
MarkWhat are Carson City?
$3,050
BarbaraWhat is Oklahoma City and Jefferson City?
$4,100
IvyWhat is Oklahoma City & Kansas City
$2,601
(2 of) Oklahoma City, Carson City, Salt Lake City or Jefferson City

Final scores:

Barbara Ivy Mark
$8,200 $2,999 $50
5-day champion: $35,192 2nd place: Kelvinator 30" electric range with self-cleaning oven + Krups juicer, food slicer, stand mixer, timer, scale, coffee mill & Brewmaster electric drip coffee maker 3rd place: Jules Jurgensen his & hers Classic Series diamond dial watches

Game dynamics:

Coryat scores:

Barbara Ivy Mark
$3,700 $6,500 $3,100
17 R
(including 1 DD),
7 W
19 R
(including 1 DD),
1 W
(including 1 DD)
9 R,
1 W

Combined Coryat: $13,300

[game clues] [game scores] [suggest correction]

Game tape date: 1985-10-23
The J! Archive is created by fans, for fans. Scraping, republication, monetization, and malicious use prohibited; this site may use cookies and collect identifying information. See terms. The Jeopardy! game show and all elements thereof, including but not limited to copyright and trademark thereto, are the property of Jeopardy Productions, Inc. and are protected under law. This website is not affiliated with, sponsored by, or operated by Jeopardy Productions, Inc. Join the discussion at JBoard.tv.